书目信息 |
| 题名: |
柴油机制造工艺学
|
|
| 作者: | 周庆玲 主编 | |
| 分册: | ||
| 出版信息: | 哈尔滨 哈尔滨工程大学出版社 2006.08 |
|
| 页数: | 203页 | |
| 开本: | 26cm | |
| 丛书名: | 21世纪高职船舶系列教材 | |
| 单 册: | ||
| 中图分类: | TK426 | |
| 科图分类: | ||
| 主题词: | 柴油机--chai you ji--工艺学 | |
| 电子资源: | ||
| ISBN: | 7-81073-821-6 | |
| 000 | 00959nam 2200253 450 | |
| 001 | 012006391781 | |
| 005 | 20070612104729.20 | |
| 010 | @a7-81073-821-6@dCNY22.00 | |
| 100 | @a20061210d2006 km y0chiy0120 ea | |
| 101 | 0 | @achi |
| 102 | @aCN@b230000 | |
| 105 | @aa a 000yy | |
| 200 | 1 | @a柴油机制造工艺学@Achai you ji zhi zao gong yi xue@f周庆玲主编@Fzhou qing ling zhu bian |
| 210 | @a哈尔滨@c哈尔滨工程大学出版社@d2006.08 | |
| 215 | @a203页@c图@d26cm | |
| 225 | 2 | @a21世纪高职船舶系列教材@A21 shi ji gao zhi chuan bo xi lie jiao cai@i船舶动力专业 |
| 320 | @a有书目 (第203页)。 | |
| 330 | @a本书共分十章,其主要内容包括:机械制造工艺规程的制定,机械加工精度,机械加工表面质量,机床夹具,现代制造技术,柴油机典型零件制造等。 | |
| 410 | 0 | @12001 @a21世纪高职船舶系列教材@i船舶动力专业 |
| 606 | 0 | @a柴油机@Achai you ji@x工艺学 |
| 690 | @aTK426@v4 | |
| 701 | 0 | @a周庆玲@Azhou qing ling@4主编 |
| 801 | 0 | @aCN@c20070612 |
| 905 | @a10447@dTK426@eZ783 | |
| 柴油机制造工艺学/周庆玲主编.-哈尔滨:哈尔滨工程大学出版社,2006.08 |
| 203页:图;26cm.-(21世纪高职船舶系列教材.船舶动力专业) |
| ISBN 7-81073-821-6:CNY22.00 |
| 本书共分十章,其主要内容包括:机械制造工艺规程的制定,机械加工精度,机械加工表面质量,机床夹具,现代制造技术,柴油机典型零件制造等。 |
| ● |
| 相关链接 |
|
|
|
正题名:柴油机制造工艺学
索取号:TK426/Z783
 
预约/预借
| 序号 | 登录号 | 条形码 | 馆藏地/架位号 | 状态 | 备注 |
| 1 | 231645 | 202316458 | 期刊室512/501自科库 136排6列6层/ [索取号:TK426/Z783] | 在馆 | |
| 2 | 231646 | 202316467 | 自科库501/501自科库 136排6列6层/ [索取号:TK426/Z783] | 在馆 |